| 000 | 00545nam a2200169Ia 4500 | ||
|---|---|---|---|
| 008 | 090201s9999 xx 000 0 und d | ||
| 010 | _aKPL-12191 | ||
| 040 | _bमराठी | ||
| 041 | _aमराठी | ||
| 082 |
_a25286 _b12191 |
||
| 100 | _aवर्षा प्रभु | ||
| 245 |
_aसैनिक परिपाठ _cवर्षा प्रभु |
||
| 260 |
_c2004 _bजगताप कारले प्रकाशन |
||
| 300 |
_a240 _bमोठा |
||
| 600 | _aसैनिक परिपाठ | ||
| 942 | _cBOOK | ||
| 999 |
_c224519 _d224519 |
||